| 000 -Cabecera (24) |
| Campo de control interno |
00723nam a22002414a 4500 |
| 001 - Número de control |
| Campo de control |
ESSALUD |
| 007 - Tipo material - Descripcion fisica - info general |
| Tipo material |
ta |
| 008 - Códigos de longitud fija (40p) |
| Campo de control de longitud fija |
t2014 pe gr 00| 0 spa d |
| 040 ## - Origen de la Catalogacion |
| Origen de la Catalogacion |
ESSALUD |
| 041 ## - Código de idioma (R) |
| Código de lengua del texto/banda sonora o título independiente (R) |
spa |
| 043 ## - Pais ISO |
| País ISO |
pe |
| 082 ## - Número de la Clasificación |
| Clasificación Dewey |
338.927 |
| Codigo Cutter |
P73 |
| 110 ## - Autor Corporativo |
| Nombre de entidad corporativa o nombre de jurisdicción como elemento inicial (NR |
Programa de las Naciones Unidas para el Desarrollo (PNUD) |
| Rol del autor |
autor |
| 9 (RLIN) |
48666 |
| 245 ## - Titulo |
| Titulo |
Cambio climático y territorio: en busca de sostenibilidad para el desarrollo humano en el Perú |
| 250 ## - Mencion de edicion |
| Mencion de edicion |
1 ed. |
| 260 ## - Editorial |
| Ciudad |
Lima : |
| Nombre de la Editorial |
PNUD, |
| Fecha |
2014 |
| 300 ## - Descripcion |
| Páginas |
36 páginas |
| 650 ## - Temas - Descriptores |
| Temas - Descriptores |
CAMBIO CLIMÁTICO |
| 9 (RLIN) |
544 |
| 650 ## - Temas - Descriptores |
| Temas - Descriptores |
SALUD AMBIENTAL |
| 9 (RLIN) |
1651 |
| 650 ## - Temas - Descriptores |
| Temas - Descriptores |
DESARROLLO SOSTENIBLE |
| 9 (RLIN) |
5156 |
| 650 ## - Temas - Descriptores |
| Temas - Descriptores |
POLÍTICA AMBIENTAL |
| 9 (RLIN) |
3185 |
| 942 ## - Datos personalizados Koha |
| Tipo de Documento |
Libros |
| Fecha procesamiento |
2026-04-15 |
| Documentalista |
AFC |